1730 1433 1715 1499 1157 1272 1857 1647 1786 1708 1096 1423 1736 1988 1203 1137 1040 1970 1464 1297 1537 1841 1576 1565 1917 1608 1678 1069 1077 1355 1050 1212 1062 1846 1650 1148 1713 1582 1476 1651 1419 1405 1290 1509 1533 1647 1356 1673 1041 1946 1662 1880 1081 1663 1607 1950 1572 1121 1831 1229 1495 1946 1736 1270 1137 1469 1310 1174 1810 1950 1150 1443 1254 1585 1196 1448 1690 1543 1012 1204 1030 1950 1022 1732 1962 1250 1580 1835 1258 1920 1234 1145 1761 1350 1503 1923 1228 1873 1996 BCNSPRNW ULIB Ver.6.0+V

เปลี่ยนเป็นภาษาไทย

Change to English
 แสดงรายละเอียดบรรณานุกรม
  กลับหน้าหลัก

Brief Record : Get Marc (ISO 2709) : E-mail record : QR code < ปิดหน้าต่าง
LEADER : 00000nam 2200000uu 4500
001    13399112944
003     ULIB
008    110919s2547||||th 000 0 tha d
020    9742216843
050  4 LB2369^bว477ท 2547
100 0  วัลลภ สวัสดิวัลลภ
245 10 เทคนิคการค้นคว้า การเก็บความและการเรียบเรียงข้อมูลเพื่อเขียนรายงานและผลงานทางวิชาการอย่างเป็นระบบและมีขั้นตอนที่เป็นรูปธรรม /^cวัลลภ สวัสดิวัลลภ
250    พิมพ์ครั้งที่ 2 ปรับปรุง และเพิ่มเติมใหม่
260    กรุงเทพฯ :^bบรรณกิจ,^c2547
300    177 หน้า ;^c27 ซม.
504    มีบรรณานุกรมและดรรชนี
650  4 การเขียนรายงาน
650  4 การค้นข้อสนเทศ
650  4 ห้องสมุด^xวิธีใช้
945    ^p300^l0^i017016
995    ทศพร
999 ^a ทศพร
รายการนี้ยังไม่มีแท็ก
คุณยังไม่ได้ล็อกอิน คุณสามารถมีกิจกรรมร่วมกับเว็บไซต์ได้ แต่ต้องล็อกอินก่อน ::
  ล็อกอิน

รายการสื่อสารสนเทศ

ลำดับที่ ประเภท เลขเรียก/บาร์โค้ด สถานที่ สถานะ
- ไม่พบข้อมูล -

รายการใกล้เคียง
    หัวเรื่อง [การเขียนรายงาน]
    หัวเรื่อง [การค้นข้อสนเทศ]

BibComment


ยังไม่เคยถูกคอมเมนท์

คอมเมนท์ทรัพยากรรายการนี้
  คอมเมนท์: เทคนิคการค้นคว้า ..


 Copyright 2026. Bcnsprnw @Library